An introduction to invariant imbedding /
Guardado en:
| Autor Principal: | |
|---|---|
| Otros Autores: | |
| Formato: | Libro |
| Idioma: | English |
| Publicado: |
New York :
Wiley,
c1975.
|
| Series: | Pure and applied mathematics
|
| Materias: | |
| Etiquetas: |
Agregar Etiqueta
Sin Etiquetas, Sea el primero en etiquetar este registro!
|
| LEADER | 00821cam a2200241 a 4500 | ||
|---|---|---|---|
| 001 | MAT.inmabb004684 | ||
| 008 | 750203s1975####nyua#####b####001#0#eng## | ||
| 005 | 20130314123852.0 | ||
| 245 | 1 | 3 | |a An introduction to invariant imbedding / |c R. Bellman, G. M. Wing. |
| 260 | |a New York : |b Wiley, |c c1975. | ||
| 300 | |a xv, 250 p. : |b il. ; |c 24 cm. | ||
| 440 | 0 | |a Pure and applied mathematics | |
| 500 | |a "A Wiley-Interscience publication." | ||
| 504 | |a Incluye referencias bibliográficas. | ||
| 510 | 4 | |a MR, |c 52 #12558 | |
| 020 | |a 0471064165 | ||
| 100 | 1 | |a Bellman, Richard Ernest, |d 1920-1984. | |
| 700 | 1 | |a Wing, G. Milton |q (George Milton), |d 1923- | |
| 650 | 0 | |a Invariant imbedding. | |
| 084 | |a 82C70 (34A99 34L40 82-02) |2 msc2000 | ||
| 010 | |a 74018455 | ||
| 040 | |a DLC |c DLC |d DLC | ||
| 859 | |h 82 |i B445 |p A-4582 |b BIB. MATEMATICA | ||
